College Logo Tile Select - Statistics

General Stats
  • This quiz has been taken 12 times
  • The average score is 35 of 45
Answer Stats
Question Tile Select % Correct
College that has won a championship in basketball. Yes
100%
College that has won a championship in basketball. No
100%
College that's is in the Ivy League. Yes
100%
College that's is in the Ivy League. No
100%
College that's is in the Ivy League. No
100%
College that's located in the state of Texas. Yes
100%
College that's located in the state of Texas. No
100%
College that's located in the state of Texas. No
100%
College of a Super Bowl winning quarterback. Yes
100%
College of a Super Bowl winning quarterback. No
100%
College that has won a championship in basketball. No
91%
College that's is in the Ivy League. No
91%
College that's located in the state of Texas. Yes
91%
College that's located in the state of Texas. No
91%
College that's located in the state of Texas. No
91%
College of a Super Bowl winning quarterback. Yes
91%
College of a Super Bowl winning quarterback. No
91%
College that's designated an HBCU. No
91%
College that's located in the state of Texas. No
82%
College that's located in the state of Texas. No
82%
College that's designated an HBCU. Yes
82%
College that's designated an HBCU. No
82%
College that has won a championship in basketball. Yes
73%
College that has won a championship in basketball. No
73%
College that's is in the Ivy League. Yes
73%
College that's is in the Ivy League. No
73%
College that's is in the Ivy League. No
73%
College that's located in the state of Texas. Yes
73%
College of a Super Bowl winning quarterback. No
73%
College of a Super Bowl winning quarterback. No
73%
College that's designated an HBCU. No
73%
College that's designated an HBCU. No
73%
College that has won a championship in basketball. Yes
64%
College that has won a championship in basketball. No
64%
College of a Super Bowl winning quarterback. Yes
64%
College that's designated an HBCU. No
64%
College that has won a championship in basketball. Yes
55%
College that's is in the Ivy League. Yes
55%
College that's designated an HBCU. Yes
55%
College that's designated an HBCU. Yes
55%
College that's is in the Ivy League. Yes
45%
College that's designated an HBCU. Yes
45%
College that has won a championship in basketball. Yes
36%
College of a Super Bowl winning quarterback. Yes
36%
College of a Super Bowl winning quarterback. Yes
36%
No matching quizzes found
Score Distribution
Percent of People with Each Score
Percentile by Number Answered
Your Score History
You have not taken this quiz